| 000 | 00539nam a2200145 i 4500 | ||
|---|---|---|---|
| 001 | 190301 | ||
| 003 | ES-MaACL | ||
| 005 | 20230906223708.0 | ||
| 008 | 201104s1884 sp |||| | spa d | ||
| 110 | 2 |
_aMontepío de Tipógrafos. _9170661 |
|
| 245 | 1 | 0 | _aReglamento del Montepío de Tipógrafos aprobado el 4 de noviembre de 1877 y reformado en la Junta general extraordinaria celebrada el 2 de marzo de 1884. |
| 260 |
_aMadrid : _b[s.n.], _c1884 ( _fImp. de Enrique Teodoro) |
||
| 300 |
_a16 p. ; _c16 cm. |
||
| 852 |
_aES-MaACL _jT-403-F-5 |
||
| 999 |
_c190301 _d190301 |
||